[Event "Memorial Gashimov 2023 - Rapid"]
[Site "Gabala"]
[Date "08.12.2023"]
[Round "R1"]
[White "Mamedyarov, Shakhriyar"]
[Black "Rapport, Rapport"]
[Result "1/2-1/2"]
[WhiteElo "2723"]
[BlackElo "2731"]
[EventDate "2023.12.08"]

1. d4 Nf6 2. c4 e6 3. Nc3 d5 4. Nf3 Nbd7 5. Bf4 dxc4 6. e3 Bd6 7. Bxd6 cxd6
8. Bxc4 Nb6 9. Bd3 Nbd5 10. Nxd5 Nxd5 11. O-O O-O 12. Qb3 Qb6 13. Qxb6 Nxb6
14. Rfc1 Bd7 15. Ng5 f5 16. Rc7 h6 17. Rxd7 Nxd7 18. Nxe6 Rf6 19. Nc7 Raf8
20. Nd5 R6f7 21. Rc1 g5 22. Rc7 Nb6 23. Ne7+ Kh8 24. Ng6+ Kg8 25. Ne7+ Kh8
26. Bb5 f4 27. exf4 a6 28. Bf1 gxf4 29. Ng6+ Kg8 30. Ne7+ Kh8 31. Ng6+ Kg8
1/2-1/2

[Event "Memorial Gashimov 2023 - Rapid"]
[Site "Gabala"]
[Date "08.12.2023"]
[Round "R1"]
[White "Abasov, Nijat"]
[Black "Van Foreest, Jorden"]
[Result "1/2-1/2"]
[WhiteElo "2641"]
[BlackElo "2679"]
[EventDate "2023.12.08"]

1. e4 c6 2. Nf3 d5 3. d3 g6 4. e5 f6 5. d4 fxe5 6. Nxe5 Nd7 7. c4 Bg7 8.
cxd5 Nxe5 9. dxe5 Bxe5 10. dxc6 Qxd1+ 11. Kxd1 bxc6 12. Bc4 Nf6 13. f3 Nd5
14. Re1 Bxh2 15. Nc3 Nb6 16. Bd3 Bf5 17. Ne4 O-O 18. Bg5 Rfd8 19. Ke2 Be5
20. Bxe7 Re8 21. Ba3 Nd5 22. Kf2 Rab8 23. Rab1 Bd4+ 24. Kg3 Be5+ 25. Kf2
Kg7 26. Bc5 a5 27. g4 Bxe4 28. Rxe4 Bf6 29. Rxe8 Rxe8 30. a3 Rb8 31. b4
axb4 32. axb4 Bh4+ 33. Kf1 Be7 34. Bxe7 Nxe7 35. Be4 Kf6 36. Kf2 Rb5 37.
Kg3 h5 38. gxh5 1/2-1/2

[Event "Memorial Gashimov 2023 - Rapid"]
[Site "Gabala"]
[Date "08.12.2023"]
[Round "R1"]
[White "Vidit, Gujrathi"]
[Black "Radjabov, Teimour"]
[Result "1/2-1/2"]
[WhiteElo "2737"]
[BlackElo "2723"]
[EventDate "2023.12.08"]

1. d4 Nf6 2. Nf3 d5 3. Bf4 c5 4. e3 Nc6 5. Nbd2 cxd4 6. exd4 Bg4 7. c3 e6
8. h3 Bxf3 9. Nxf3 Bd6 10. Bxd6 Qxd6 11. Bd3 O-O 12. O-O Rfe8 13. Re1 e5
14. dxe5 Nxe5 15. Nxe5 Rxe5 16. Qa4 a6 17. Rxe5 Qxe5 18. Qb4 Rb8 19. Rd1 b5
20. Qc5 Qe6 21. Bf1 h5 22. Qd4 Qe7 23. g3 Qe6 24. Bg2 Re8 25. Kh2 Qf5 26.
Qd2 Re5 27. Kg1 Qe6 1/2-1/2

[Event "Memorial Gashimov 2023 - Rapid"]
[Site "Gabala"]
[Date "08.12.2023"]
[Round "R1"]
[White "Suleymanli, Aydin"]
[Black "Mamedov, Rauf"]
[Result "0-1"]
[WhiteElo "2609"]
[BlackElo "2651"]
[EventDate "2023.12.08"]

1. e4 c5 2. Nf3 g6 3. c4 Nc6 4. d4 cxd4 5. Nxd4 Nf6 6. Nc3 Nxd4 7. Qxd4 d6
8. Bg5 Bg7 9. Be2 O-O 10. Qd2 a5 11. O-O a4 12. Kh1 Qa5 13. Rac1 Bd7 14.
Rc2 Rfc8 15. Rfc1 Be6 16. Qe3 Bxc4 17. Nd5 Nxd5 18. exd5 b5 19. b3 Rcb8 20.
bxc4 b4 21. Rd2 b3 22. axb3 Rxb3 23. Qxe7 a3 24. Ra2 Rb2 25. Raa1 a2 26. c5
h6 27. c6 hxg5 28. c7 Rc8 29. Bf1 Rxf2 30. Rxa2 Rxa2 31. Qd7 Qa8 32. h3 Be5
0-1

[Event "Memorial Gashimov 2023 - Rapid"]
[Site "Gabala"]
[Date "08.12.2023"]
[Round "R2"]
[White "Radjabov, Teimour"]
[Black "Suleymanli, Aydin"]
[Result "1/2-1/2"]
[WhiteElo "2723"]
[BlackElo "2609"]
[EventDate "2023.12.08"]

1. d4 Nf6 2. c4 e6 3. Nf3 d5 4. Nc3 c5 5. cxd5 cxd4 6. Nxd4 Nxd5 7. Bd2 Nf6
8. e3 Bd7 9. Qb3 Nc6 10. Nxc6 Bxc6 11. Bb5 Bxb5 12. Qxb5+ Qd7 13. Ke2 O-O-O
14. Rhd1 Kb8 15. e4 Bd6 16. Be3 Qc7 17. Rac1 a6 18. Qb3 Qa5 19. Qb6 Qxb6
20. Bxb6 Rd7 21. g3 Rc8 22. Bd4 e5 23. Be3 h6 24. f3 Bc5 25. Rxd7 Nxd7 26.
Nd5 Bxe3 27. Rxc8+ Kxc8 28. Kxe3 Nc5 29. b3 1/2-1/2

[Event "Memorial Gashimov 2023 - Rapid"]
[Site "Gabala"]
[Date "08.12.2023"]
[Round "R2"]
[White "Van Foreest, Jorden"]
[Black "Vidit, Gujrathi"]
[Result "1/2-1/2"]
[WhiteElo "2679"]
[BlackElo "2737"]
[EventDate "2023.12.08"]

1. e4 e5 2. Nf3 Nc6 3. d4 exd4 4. Nxd4 Bc5 5. Nb3 Bb6 6. Nc3 Qf6 7. Qf3
Qxf3 8. gxf3 Nb4 9. Bd3 Ne7 10. Be3 d5 11. Nb5 Kd8 12. Rg1 Bxe3 13. fxe3 g6
14. O-O-O c6 15. Nc3 Kc7 16. Be2 dxe4 17. fxe4 b6 18. Rgf1 f5 19. a3 Na6
20. exf5 Nxf5 21. e4 Nh6 22. Rf4 Nb8 23. Nd4 Nd7 24. Nf3 Nc5 25. Ne5 Be6
26. Rdf1 Nd7 27. Nf3 Rae8 28. Ng5 Ne5 29. b4 b5 30. Rf6 Bd7 31. h3 Re7 32.
a4 a6 33. axb5 axb5 34. Bxb5 Rb8 35. Bxc6 Bxc6 36. b5 Rxb5 37. Nxb5+ Bxb5
38. Rd1 Bd7 39. Rd5 Nhf7 40. Rc5+ Kb7 41. Nxf7 Nxf7 42. Rf3 Be6 43. Rfc3
Nd6 44. Re5 Kb6 45. h4 Re8 46. Kd2 Nf7 47. Rec5 Bd7 48. Rd5 Bc6 49. Rd4 Ne5
50. Ke2 Re6 51. Rd8 Nf7 52. Rb8+ Kc7 53. Rg8 Rxe4+ 54. Re3 Rf4 55. Rg7 Kd6
56. Rxh7 Ne5 57. Rg3 Bf3+ 58. Kd2 Bh5 59. Ra7 Nc4+ 60. Kc3 Nb6 61. Rd3+ Kc6
62. Kb3 Rxh4 63. Rc3+ Kb5 64. Re7 Rb4+ 65. Ka2 Ra4+ 66. Kb3 Rb4+ 67. Ka2
Rd4 68. Re5+ Rd5 69. Re8 Nd7 70. Rd8 Kb6 71. Rcc8 Bg4 72. c4 Rd2+ 73. Ka3
Kb7 74. Kb4 Re2 75. Re8 Ne5 76. Rb8+ Kc7 77. Ra8 Bd7 78. Ra7+ Kc6 79. Rf8
Kb6 80. Ra1 Re4 81. Rf6+ Bc6 82. Kb3 g5 83. Rg1 g4 84. Re6 Re3+ 85. Kc2 Kc5
86. Rxe5+ Rxe5 87. Rxg4 Re3 88. Kd2 Rh3 89. Rf4 Bd7 90. Re4 Rf3 91. Re5+
Kb4 92. c5 Bc6 93. Re6 Bd5 94. Re3 Rf2+ 95. Re2 Rf6 96. c6 Bxc6 97. Ke3 Kc3
98. Re1 Rf3+ 99. Ke2 Kd4 100. Kd2 Bb5 101. Re7 Rf2+ 102. Ke1 Rh2 103. Rg7
Bd3 104. Rg3 Rb2 105. Rf3 Ke4 106. Rf2 Rb6 107. Kd2 Rc6 108. Ke1 Kd4 109.
Kd2 Ra6 110. Rf4+ Be4 111. Rf2 Ra3 112. Re2 Bf3 113. Rf2 Ra2+ 114. Ke1 Ra1+
115. Kd2 Ke4 116. Kc3 Ke3 117. Rb2 Be4 118. Kb4 Kd4 119. Rd2+ Bd3 120. Rb2
Ra8 121. Rb3 Bc2 122. Rb2 Rc8 123. Ka3 Kc3 124. Rb3+ Kd2 125. Rb6 Rc4 126.
Rb4 Rc3+ 127. Kb2 Bd3 128. Rb3 Rc6 129. Rb4 Bc4 130. Ka3 Kc3 131. Rb3+ Kd4
132. Rb8 Kc5 133. Kb2 Rg6 134. Rd8 Rg2+ 135. Kc3 Rg3+ 136. Kd2 Bd5 137. Rd7
Kd4 138. Rd8 Rg2+ 139. Kd1 Rh2 140. Rd7 Ke4 141. Kc1 Rh3 142. Kd2 Rd3+ 143.
Ke2 Ra3 144. Kd2 Kd4 145. Rd8 Ra2+ 146. Kd1 Rh2 147. Rd7 Kc4 148. Ke1 Be4
149. Rd2 Rh3 150. Kf2 Bd3 151. Kg2 Re3 152. Kf2 Kd4 1/2-1/2

[Event "Memorial Gashimov 2023 - Rapid"]
[Site "Gabala"]
[Date "08.12.2023"]
[Round "R2"]
[White "Rapport, Richard"]
[Black "Abasov, Nijat"]
[Result "0-1"]
[WhiteElo "2731"]
[BlackElo "2641"]
[EventDate "2023.12.08"]

1. e4 e5 2. Bc4 Nf6 3. d3 c6 4. Nf3 d5 5. Bb3 a5 6. a4 Bb4+ 7. c3 Bd6 8.
exd5 cxd5 9. Bg5 Be6 10. Na3 h6 11. Bh4 Nbd7 12. Nb5 Bb8 13. d4 e4 14. Nd2
O-O 15. Nf1 Re8 16. Ne3 g5 17. Bg3 Bf4 18. Nd6 Bxd6 19. Bxd6 Nf8 20. Be5
N6d7 21. h4 Nxe5 22. dxe5 gxh4 23. Qh5 Qg5 24. Rxh4 Ng6 25. Rh2 d4 26. Bxe6
dxe3 27. Qxg5 hxg5 28. Bf5 exf2+ 29. Kxf2 e3+ 30. Kg3 Nh4 31. Bc2 Rad8 32.
Rd1 e2 33. Re1 Rd2 34. Bb1 Rxb2 35. Kf2 Rxe5 36. g3 Nf5 37. Bd3 Ne3 38. Kf3
Nd5 39. Bxe2 Re3+ 40. Kg4 Nxc3 41. Bc4 Rxe1 42. Rxb2 Re4+ 0-1

[Event "Memorial Gashimov 2023 - Rapid"]
[Site "Gabala"]
[Date "08.12.2023"]
[Round "R2"]
[White "Gelfand, Boris"]
[Black "Mamedyarov, Shakhriyar"]
[Result "0-1"]
[WhiteElo "2660"]
[BlackElo "2723"]
[EventDate "2023.12.08"]

1. Nf3 d5 2. d4 c5 3. c4 cxd4 4. cxd5 Nf6 5. Nxd4 Nxd5 6. e4 Nf6 7. Bb5+
Bd7 8. Qe2 e5 9. Nf3 Qa5+ 10. Nc3 Bb4 11. Bd2 O-O 12. Bxd7 Nbxd7 13. O-O
Rfe8 14. a3 Bxc3 15. Bxc3 Qa4 16. Nd2 Nc5 17. f3 Rac8 18. Qe3 Nfd7 19. Rfd1
f6 20. Bb4 a5 21. Bxc5 Nxc5 22. Rac1 Red8 23. b3 Qxa3 24. Qc3 b5 25. Kf1 h6
26. Ra1 Qb4 27. Qxb4 axb4 28. Rac1 Ne6 29. Rxc8 Rxc8 30. Ra1 Kh7 31. Ke1
Nd4 32. Kd1 Rc3 33. Ra7 Nxb3 34. Nxb3 Rxb3 35. Kc2 Ra3 0-1

[Event "Memorial Gashimov 2023 - Rapid"]
[Site "Gabala"]
[Date "08.12.2023"]
[Round "R3"]
[White "Abasov, Nijat"]
[Black "Gelfand, Boris"]
[Result "1-0"]
[WhiteElo "2641"]
[BlackElo "2660"]
[EventDate "2023.12.08"]

1. e4 e5 2. Nf3 Nf6 3. d4 Nxe4 4. Bd3 d5 5. Nxe5 Nd7 6. Nc3 Nxe5 7. dxe5
Nc5 8. Nxd5 Nxd3+ 9. Qxd3 Be6 10. Nc3 Qxd3 11. cxd3 O-O-O 12. Ke2 Bc5 13.
Be3 Bd4 14. Bxd4 Rxd4 15. Rhd1 Bf5 16. Rd2 Re8 17. Ke3 Rh4 18. d4 Rxh2 19.
Rc1 Kb8 20. f4 f6 21. Ne4 Rh6 22. Kf3 Rg6 23. Nf2 h5 24. Rh1 Rh6 25. Ne4 b6
26. Ng3 Bg4+ 27. Ke4 Rf8 28. Rh4 g6 29. d5 fxe5 30. fxe5 g5 31. Rxg4 hxg4
32. e6 Kc8 33. Ke5 Rf4 34. Ne4 Rf1 35. d6 cxd6+ 36. Nxd6+ Kc7 37. Rc2+ 1-0

[Event "Memorial Gashimov 2023 - Rapid"]
[Site "Gabala"]
[Date "08.12.2023"]
[Round "R3"]
[White "Vidit, Gujrathi"]
[Black "Rapport, Richard"]
[Result "1-0"]
[WhiteElo "2737"]
[BlackElo "2731"]
[EventDate "2023.12.08"]

1. d4 Nf6 2. Nf3 c6 3. c4 b5 4. cxb5 cxb5 5. Bg5 Ne4 6. Bh4 Bb7 7. e3 Qa5+
8. Nbd2 e6 9. a3 Nxd2 10. Nxd2 Na6 11. f3 Bd6 12. Bd3 O-O 13. O-O f5 14.
Qe2 Nc7 15. a4 Nd5 16. axb5 Qc7 17. f4 Rfc8 18. Kh1 Bxf4 19. exf4 Nxf4 20.
Bg3 Nxe2 21. Bxc7 Rxc7 22. Bxe2 Rc2 23. Bf3 Rb8 24. Rxa7 Bc8 25. Nb3 Rxb2
26. Nc5 d6 27. Na6 R8xb5 28. Nc7 Rb8 29. h3 R2b6 30. Re1 h6 31. Kh2 d5 32.
Rc1 Kf8 33. Re1 Rc6 34. Bh5 Rd6 35. Rc1 Rdb6 36. Ne8 R8b7 37. Rxb7 Bxb7 38.
Rc7 g6 39. Bxg6 e5 40. Rf7+ 1-0

[Event "Memorial Gashimov 2023 - Rapid"]
[Site "Gabala"]
[Date "08.12.2023"]
[Round "R3"]
[White "Suleymanli, Aydin"]
[Black "Van Foreest, Jorden"]
[Result "1-0"]
[WhiteElo "2609"]
[BlackElo "2679"]
[EventDate "2023.12.08"]

1. e4 e5 2. Nf3 Nc6 3. Bb5 a6 4. Ba4 d6 5. O-O Bd7 6. c3 Nf6 7. Re1 g6 8.
d4 Bg7 9. h3 O-O 10. Nbd2 Re8 11. Bc2 a5 12. Nf1 a4 13. Ng3 a3 14. bxa3 b6
15. Bb2 Na5 16. Bd3 Re7 17. dxe5 dxe5 18. c4 Ne8 19. c5 bxc5 20. Rc1 Nb7
21. Nf1 Ned6 22. Ne3 Bc6 23. Qc2 Qe8 24. Nd2 Ra4 25. f3 Nb5 26. Qxa4 Nd4
27. Qd1 Ba4 28. Nb3 Rd7 29. Bxd4 cxd4 30. Nd5 Qd8 31. Qe2 c6 32. Nb4 Bh6
33. Nxc6 Qf6 34. Nb4 Be3+ 35. Kh1 Qg5 36. Rc8+ Kg7 37. Nd5 Rxd5 38. exd5
Bd7 39. Rc7 Bf4 40. Nd2 Bxh3 41. gxh3 Qg3 42. Nf1 Qxh3+ 43. Kg1 e4 44.
Rxf7+ Kxf7 45. Qxe4 Qh4 46. Qe8+ 1-0

[Event "Memorial Gashimov 2023 - Rapid"]
[Site "Gabala"]
[Date "08.12.2023"]
[Round "R3"]
[White "Mamedov, Rauf"]
[Black "Radjabov, Teimour"]
[Result "1/2-1/2"]
[WhiteElo "2651"]
[BlackElo "2723"]
[EventDate "2023.12.08"]

1. e4 e5 2. Nf3 Nc6 3. Bb5 Nf6 4. O-O Nxe4 5. Re1 Nd6 6. Nxe5 Nxe5 7. Rxe5+
Be7 8. Bf1 O-O 9. d4 Bf6 10. Re1 Re8 11. c3 Rxe1 12. Qxe1 Ne8 13. Bf4 d5
14. Bd3 g6 15. Nd2 Ng7 16. Nf3 c6 17. h3 Bf5 18. Bxf5 Nxf5 19. Qe2 Qe7 20.
Qxe7 Bxe7 21. Kf1 Bd6 22. Bxd6 Nxd6 23. Re1 Re8 24. Rxe8+ Nxe8 25. Ke2 Nd6
26. Ne5 f6 27. Nd3 1/2-1/2

[Event "Memorial Gashimov 2023 - Rapid"]
[Site "Gabala"]
[Date "09.12.2023"]
[Round "R4"]
[White "Mamedyarov, Shakhriyar"]
[Black "Abasov, Nijat"]
[Result "1/2-1/2"]
[WhiteElo "2723"]
[BlackElo "2641"]
[EventDate "2023.12.08"]

1. Nf3 Nf6 2. c4 c5 3. Nc3 Nc6 4. d4 cxd4 5. Nxd4 e6 6. e3 d5 7. cxd5 Nxd5
8. Nxc6 bxc6 9. Be2 Nxc3 10. bxc3 Qxd1+ 11. Kxd1 Bc5 12. Kc2 Kd8 13. e4 e5
14. f3 Be6 1/2-1/2

[Event "Memorial Gashimov 2023 - Rapid"]
[Site "Gabala"]
[Date "09.12.2023"]
[Round "R4"]
[White "Van Foreest, Jorden"]
[Black "Mamedov, Rauf"]
[Result "0-1"]
[WhiteElo "2679"]
[BlackElo "2651"]
[EventDate "2023.12.08"]

1. d4 Nf6 2. c4 c6 3. Nf3 d5 4. cxd5 cxd5 5. Nc3 Nc6 6. Bf4 Bf5 7. Ne5 Qb6
8. Rc1 e6 9. f3 h6 10. g4 Bh7 11. Nxc6 bxc6 12. Qd2 Nd7 13. e3 Be7 14. Be2
O-O 15. O-O Rfe8 16. Na4 Qb7 17. Qa5 e5 18. dxe5 Bb4 19. Qa6 Qxa6 20. Bxa6
Nxe5 21. Kf2 Bd3 22. Bb7 Bxf1 23. Bxe5 Bb5 24. Bxa8 Bxa4 25. b3 Ba3 0-1

[Event "Memorial Gashimov 2023 - Rapid"]
[Site "Gabala"]
[Date "09.12.2023"]
[Round "R4"]
[White "Rapport, Richard"]
[Black "Suleymanli, Aydin"]
[Result "1/2-1/2"]
[WhiteElo "2731"]
[BlackElo "2609"]
[EventDate "2023.12.08"]

1. Nf3 Nf6 2. g3 d5 3. Bg2 e6 4. O-O Be7 5. d3 O-O 6. Nbd2 Nc6 7. d4 a5 8.
c3 a4 9. Re1 b6 10. e4 Nxe4 11. Nxe4 dxe4 12. Rxe4 Bb7 13. Re1 Na5 14. Qc2
Bd5 15. h4 c5 16. dxc5 bxc5 17. Rd1 Qb6 18. Bg5 f6 19. Bf4 Qc6 20. Qe2 Rfe8
21. h5 Bf8 22. Nh4 Bxg2 23. Nxg2 Rad8 24. Nh4 c4 25. Be3 Qe4 26. Re1 Rd3
27. Qc2 Qc6 28. Ng2 e5 29. Nh4 Rb8 30. Qe2 Qe4 31. Rac1 Nb7 32. Qc2 Qc6 33.
b3 axb3 34. axb3 Rc8 35. Ra1 Nd6 36. Ra4 Qd5 37. bxc4 Rxc4 38. Rxc4 Qxc4
39. Qe2 Rxc3 40. Qf3 Qc6 41. Qg4 Qc8 42. Qf3 Qb7 43. Qg4 Rc4 44. Qh3 Qf7
45. Rd1 Rc6 46. Nf5 Nxf5 47. Qxf5 Qe6 48. Qxe6+ Rxe6 49. g4 Kf7 50. Rd7+
Re7 51. Rxe7+ Bxe7 52. Kg2 f5 53. gxf5 Kf6 54. h6 gxh6 55. f3 h5 56. Bf2
Kxf5 57. Bg3 h4 58. Bxe5 Kxe5 59. f4+ Kxf4 60. Kh1 Kg3 61. Kg1 Bd6 62. Kh1
Bc5 1/2-1/2

[Event "Memorial Gashimov 2023 - Rapid"]
[Site "Gabala"]
[Date "09.12.2023"]
[Round "R4"]
[White "Gelfand, Boris"]
[Black "Vidit, Gujrathi"]
[Result "1/2-1/2"]
[WhiteElo "2660"]
[BlackElo "2737"]
[EventDate "2023.12.08"]

1. d4 d5 2. c4 e6 3. Nf3 Nd7 4. Nc3 Ngf6 5. Bf4 Bb4 6. cxd5 exd5 7. e3 Ne4
8. Qc2 g5 9. Be5 Nxe5 10. Nxe5 c6 11. Bd3 f6 12. Nf3 Qe7 13. O-O f5 14. Ne5
Bd6 15. f3 Nxc3 16. Qxc3 O-O 17. f4 Be6 18. fxg5 Qxg5 19. Rf3 Kh8 20. Raf1
Rf6 21. Rg3 Qh6 22. Rf4 Raf8 23. Rh3 Qg7 24. Rfh4 Bg8 25. Rh5 Bxe5 26. dxe5
Rg6 27. g3 Rg5 28. R3h4 Rxh5 29. Rxh5 f4 30. exf4 Rxf4 31. Rf5 Rg4 32. Qe1
Qe7 33. Qe3 c5 34. e6 c4 35. Qe5+ Rg7 36. Bc2 Qxe6 37. Qd4 Qb6 38. Qxb6
axb6 39. Rf4 b5 40. a3 Rf7 41. Kf2 Re7 42. Bd1 Bf7 43. Bf3 Kg7 44. g4 Re5
45. h4 h6 46. Bg2 Re7 47. Bf3 Rc7 48. Ke2 c3 49. bxc3 Rxc3 50. Rd4 Rxa3 51.
Bxd5 Ra4 52. Ke3 Ra3+ 53. Kf4 Ra4 54. Ke3 Bxd5 55. Rxd5 Rxg4 56. Rxb5 Rxh4
57. Rxb7+ 1/2-1/2

[Event "Memorial Gashimov 2023 - Rapid"]
[Site "Gabala"]
[Date "09.12.2023"]
[Round "R5"]
[White "Vidit, Gujrathi"]
[Black "Mamedyarov, Shakhriyar"]
[Result "0-1"]
[WhiteElo "2737"]
[BlackElo "2723"]
[EventDate "2023.12.08"]

1. d4 Nf6 2. c4 g6 3. Nc3 d5 4. cxd5 Nxd5 5. e4 Nxc3 6. bxc3 Bg7 7. Bc4 c5
8. Ne2 Nc6 9. Be3 O-O 10. O-O b6 11. Rc1 Bb7 12. Bb5 e6 13. Qd2 Rc8 14.
Rfd1 a6 15. Bxc6 Bxc6 16. d5 exd5 17. exd5 Ba4 18. Re1 Re8 19. c4 Bd7 20.
Bg5 Bf6 21. Bxf6 Qxf6 22. Ng3 Qd4 23. Rxe8+ Rxe8 24. Qxd4 cxd4 25. Rd1 d3
26. f3 Rc8 27. Ne4 Kf8 28. Rxd3 Rxc4 29. d6 Ke8 30. Nf6+ Kd8 31. Nxh7 Rc1+
32. Kf2 Rc2+ 33. Kg3 Rxa2 34. Ng5 Be6 35. Nxe6+ fxe6 36. d7 b5 37. Rd6 b4
38. Rxe6 b3 39. Rb6 b2 40. Rb7 a5 41. h4 a4 42. Kf4 a3 43. Kg5 Ra1 0-1

[Event "Memorial Gashimov 2023 - Rapid"]
[Site "Gabala"]
[Date "09.12.2023"]
[Round "R5"]
[White "Suleymanli, Aydin"]
[Black "Gelfand, Boris"]
[Result "1/2-1/2"]
[WhiteElo "2609"]
[BlackElo "2660"]
[EventDate "2023.12.08"]

1. e4 e5 2. Nf3 Nf6 3. Nxe5 d6 4. Nf3 Nxe4 5. Nc3 Nxc3 6. dxc3 Be7 7. Be3
O-O 8. Qd2 Nd7 9. O-O-O Nf6 10. Bd3 Re8 11. Rhe1 Bg4 12. Bg5 Nh5 13. h4 Qd7
14. Bxe7 Rxe7 15. Rxe7 Qxe7 16. Re1 Qf6 17. Be4 c6 18. c4 h6 19. Nh2 Be6
20. g3 Qd8 21. Bd3 d5 22. c5 b6 23. Qc3 Qf6 24. Qxf6 Nxf6 25. cxb6 axb6 26.
a3 c5 27. c3 Kf8 28. Nf3 Ke7 29. Ne5 Kd6 30. f4 Ng4 31. Nxg4 Bxg4 32. f5 c4
33. Bc2 h5 34. Kd2 Rh8 35. Re3 Rh6 36. Re8 Rf6 37. Rd8+ Kc6 38. Rc8+ Kd7
39. Rg8 Bxf5 40. Bxf5+ Rxf5 41. Rxg7 Ke6 42. Ke2 Re5+ 43. Kd2 Rf5 44. Ke2
Re5+ 45. Kd2 Rf5 46. Ke2 Ke5 1/2-1/2

[Event "Memorial Gashimov 2023 - Rapid"]
[Site "Gabala"]
[Date "09.12.2023"]
[Round "R5"]
[White "Mamedov, Rauf"]
[Black "Rapport, Richard"]
[Result "0-1"]
[WhiteElo "2651"]
[BlackElo "2731"]
[EventDate "2023.12.08"]

1. Nf3 d5 2. g3 Nc6 3. Bg2 e5 4. d3 Be7 5. O-O Nf6 6. Nbd2 e4 7. dxe4 dxe4
8. Ng5 e3 9. fxe3 O-O 10. Nde4 Qxd1 11. Rxd1 Bf5 12. Nxf6+ Bxf6 13. e4 Bg4
14. Nf3 Rae8 15. h3 Bc8 16. Ne1 Nd4 17. Kf2 Nb5 18. Nd3 b6 19. a4 Nd4 20.
Bf4 g5 21. Bxc7 Nxc2 22. e5 Nxa1 23. exf6 Nb3 24. Bd6 Re6 25. Be7 Nd4 26.
Nf4 gxf4 27. Rxd4 fxg3+ 28. Kxg3 Re8 29. b4 Kh8 30. Bf3 Re5 31. h4 Rg8+ 32.
Kf2 Rf5 33. Ke3 Be6 34. Kd2 h5 35. Ke3 Rg1 36. Rd8+ Rg8 37. Rd4 Rc8 38. Bb7
Rc3+ 39. Kd2 Rc4 40. Rd8+ Kh7 41. Ba6 Rxh4 42. Bd3 Rhf4 43. Bd6 Rd4 44. Ke3
Rxd3+ 45. exd3 h4 46. Ra8 a5 47. b5 Bb3 48. Ke4 Rh5 49. Rb8 Bxa4 50. Rxb6
Bxb5 51. d4 Bc4 52. Be5 h3 53. Rb2 a4 54. Rb4 Bd5+ 55. Ke3 a3 56. Ra4 h2
57. Bxh2 Rxh2 0-1

[Event "Memorial Gashimov 2023 - Rapid"]
[Site "Gabala"]
[Date "09.12.2023"]
[Round "R5"]
[White "Radjabov, Teimour"]
[Black "Van Foreest, Jorden"]
[Result "0-1"]
[WhiteElo "2723"]
[BlackElo "2679"]
[EventDate "2023.12.08"]

1. Nf3 d5 2. e3 Nf6 3. b3 e6 4. Bb2 Bd6 5. c4 O-O 6. d4 b6 7. Nc3 Bb7 8.
Be2 Nbd7 9. O-O a6 10. Rc1 Qe7 11. Qc2 Rac8 12. Rfd1 Rfe8 13. h3 h6 14. a4
c5 15. cxd5 exd5 16. Qb1 Nf8 17. a5 bxa5 18. dxc5 Bxc5 19. Nd4 Bxd4 20.
Rxd4 Ne6 21. Rd2 d4 22. exd4 Nf4 23. Bf1 Ne4 24. Rdc2 Nxh3+ 25. gxh3 Qg5+
26. Kh2 Qf4+ 27. Kg1 Ng5 28. d5 Nf3+ 29. Kg2 Rxc3 0-1

[Event "Memorial Gashimov 2023 - Rapid"]
[Site "Gabala"]
[Date "09.12.2023"]
[Round "R6"]
[White "Rapport, Richard"]
[Black "Radjabov, Teimour"]
[Result "1/2-1/2"]
[WhiteElo "2731"]
[BlackElo "2723"]
[EventDate "2023.12.08"]

1. Nf3 Nf6 2. g3 g6 3. c4 Bg7 4. Nc3 c6 5. e4 d5 6. e5 Ne4 7. Bg2 O-O 8. d4
Qa5 9. cxd5 cxd5 10. Bd2 Nxd2 11. Nxd2 e6 12. Nb3 Qb6 13. h4 Nc6 14. h5 Rd8
15. hxg6 hxg6 16. a3 Bd7 17. Na4 Qc7 18. Rc1 Rac8 19. f4 Qb8 20. Nbc5 Nxd4
21. Qxd4 b6 22. Kf2 bxc5 23. Nxc5 a5 24. b4 axb4 25. axb4 Bb5 26. Bh3 Rc6
27. Bf1 Rdc8 28. Bxb5 Qxb5 29. f5 exf5 30. Qh4 R6c7 31. Rhd1 Qc6 32. Qd4
Qe8 33. Re1 Rb8 34. Nd3 Rcb7 35. Rc5 Bf8 36. Rxd5 Bxb4 37. Rh1 Bf8 38. Qh4
Bg7 39. Rd1 Rd7 40. Rxd7 Qxd7 41. Qf4 Rc8 42. Rd2 Rd8 43. Ke2 Qd5 44. Kd1
Qh1+ 45. Ke2 Bh6 46. Nf2 Qh5+ 47. g4 Rxd2+ 48. Qxd2 fxg4 49. Qd8+ Bf8 50.
Qd4 g3+ 51. Ng4 Qf5 52. Nf6+ Kg7 53. Ne8+ Kh6 54. Nf6 Kg7 55. Ne8+ Kh6 56.
Nf6 Qf2+ 57. Qxf2 gxf2 58. Ne4 Kh5 59. Kxf2 Kg4 60. Nd6 f6 61. Nf7 f5 62.
e6 Kf4 63. Kg2 Be7 64. Kf2 g5 65. Kg2 g4 66. Nh6 Ke5 67. Kg3 1/2-1/2

[Event "Memorial Gashimov 2023 - Rapid"]
[Site "Gabala"]
[Date "09.12.2023"]
[Round "R6"]
[White "Gelfand, Boris"]
[Black "Mamedov, Rauf"]
[Result "1-0"]
[WhiteElo "2660"]
[BlackElo "2651"]
[EventDate "2023.12.08"]

1. d4 Nf6 2. c4 g6 3. Nc3 Bg7 4. e4 d6 5. Nf3 O-O 6. Be2 e5 7. O-O exd4 8.
Nxd4 Re8 9. f3 c6 10. Bg5 Qb6 11. Kh1 Nbd7 12. Nb3 Qc7 13. Qd2 a5 14. Na4
Ne5 15. Rac1 Be6 16. Rfd1 Bxc4 17. Bxc4 Nxc4 18. Rxc4 b5 19. Rcc1 bxa4 20.
Nd4 d5 21. Rxc6 Qe5 22. f4 Qe7 23. e5 Ne4 24. Bxe7 Nxd2 25. Rxd2 Rxe7 26.
g3 Rb7 27. Rc5 Bf8 28. Rxd5 Rab8 29. Nc6 Rc8 30. Nxa5 Rbb8 31. a3 h5 32.
R5d4 h4 33. Kg2 Bc5 34. Rxa4 Bb6 35. Nc4 Bc5 36. Nd6 Rc7 37. gxh4 Be3 38.
Re2 Bc1 39. Rc4 Rxc4 40. Nxc4 Bxf4 41. b4 Kg7 42. Kf3 Bc1 43. Rc2 Bxa3 44.
Nxa3 Rxb4 45. Nc4 Rb3+ 46. Kg4 Rd3 47. Rf2 Rd5 48. Nd6 Rxe5 49. Rxf7+ Kh6
50. Ra7 Rd5 51. Nf7+ Kg7 52. Ng5+ Kf6 53. Rf7+ Ke5 54. h5 Rd4+ 55. Kg3 1-0

[Event "Memorial Gashimov 2023 - Rapid"]
[Site "Gabala"]
[Date "09.12.2023"]
[Round "R6"]
[White "Mamedyarov, Shakhriyar"]
[Black "Suleymanli, Aydin"]
[Result "0-1"]
[WhiteElo "2723"]
[BlackElo "2609"]
[EventDate "2023.12.08"]

1. d4 Nf6 2. Bg5 d5 3. e3 c5 4. c3 Nc6 5. Nd2 cxd4 6. exd4 h6 7. Bxf6 gxf6
8. Qh5 Rg8 9. h3 e5 10. O-O-O Qb6 11. dxe5 fxe5 12. Ngf3 Be6 13. Kb1 O-O-O
14. Qh4 Ba3 15. Nb3 d4 16. c4 Be7 17. Qh5 f5 18. Qxh6 Bf7 19. h4 e4 20. Ng5
Rh8 21. Qg7 Bh5 22. g4 Bxg4 23. Bh3 Rxh4 24. Rdg1 Rdh8 25. Nf7 R8h7 26.
Qg8+ Kc7 27. Ng5 Bxg5 28. Qxg5 Rxh3 29. Rxh3 Rxh3 30. Rxg4 fxg4 31. Qf4+
Kd8 32. Qf8+ Kc7 33. Qf4+ Ne5 34. Qxe5+ Qd6 35. Qg7+ Kc8 36. Nxd4 Rh4 37.
a3 a6 38. Qg8+ Qd8 39. Qe6+ Kb8 40. Qe5+ Ka8 41. Ka2 Qc8 42. Qd5 Rh7 43.
Nb3 e3 44. fxe3 Rg7 45. Nd4 g3 46. Ne2 Qg8 47. Qd4 g2 48. Ng1 Rg4 49. e4
Qe8 50. Qf2 Qc6 51. Qf8+ Ka7 52. Qf2+ Qb6 53. c5 Qe6+ 54. b3 Qc6 55. Ne2
Kb8 56. e5 g1=Q 0-1

[Event "Memorial Gashimov 2023 - Rapid"]
[Site "Gabala"]
[Date "09.12.2023"]
[Round "R6"]
[White "Abasov, Nijat"]
[Black "Vidit, Gujrathi"]
[Result "1/2-1/2"]
[WhiteElo "2641"]
[BlackElo "2737"]
[EventDate "2023.12.08"]

1. e4 e5 2. Nf3 Nc6 3. Bb5 Nf6 4. O-O Nxe4 5. Re1 Nd6 6. a4 Be7 7. Nc3 a6
8. Bf1 e4 9. Nxe4 Nxe4 10. Rxe4 d5 11. Re1 d4 12. Bc4 O-O 13. d3 h6 14. Bf4
Bb4 15. Bd2 Bxd2 16. Qxd2 Qd6 17. h3 Bf5 18. Re2 Rfe8 19. Rae1 Kf8 20.
Rxe8+ Rxe8 21. Rxe8+ Kxe8 22. Qe2+ Kf8 23. Nd2 Ne5 24. Bb3 g5 25. Ne4 Qe7
26. Ng3 Bg6 27. Bd5 c6 28. Be4 Qd6 29. Bxg6 fxg6 30. Ne4 Qe7 31. Qd2 Nc4
32. dxc4 Qxe4 33. Qb4+ Qe7 34. c5 Qd7 35. Qb3 Qe7 36. Qb4 Qd7 37. Qb3 Qe7
1/2-1/2

[Event "Memorial Gashimov 2023 - Rapid"]
[Site "Gabala"]
[Date "10.12.2023"]
[Round "R7"]
[White "Vidit, Gujrathi"]
[Black "Erigaisi, Arjun"]
[Result "1/2-1/2"]
[WhiteElo "2737"]
[BlackElo "2727"]
[EventDate "2023.12.08"]

1. d4 Nf6 2. Nf3 g6 3. b3 Bg7 4. Bb2 O-O 5. e3 d5 6. c4 c5 7. dxc5 Qa5+ 8.
Nbd2 Qxc5 9. a3 Bg4 10. b4 Qd6 11. cxd5 Nxd5 12. Ne4 Qd8 13. Qb3 Bxb2 14.
Qxb2 Nf6 15. Rd1 Qb6 16. Rd6 Nxe4 17. Rxb6 axb6 18. Ne5 Be6 19. Bc4 Bxc4
20. Nxc4 Nd7 21. Qd4 Nef6 22. O-O b5 23. Na5 Rfc8 24. Qb2 b6 25. Nb3 Ne4
26. Rc1 Rc4 27. Rd1 Nd6 28. h3 Rc7 29. Nd4 Ne5 30. Qb3 Nec4 31. Ra1 e5 32.
Nf3 Rca7 33. Qd1 e4 34. Nd4 Rxa3 35. Rxa3 Rxa3 36. Nc6 Rd3 37. Qa1 h5 38.
Kh2 Nf5 39. g4 hxg4 40. hxg4 Nh4 41. Kg3 Nf3 42. Qf6 Nd6 43. Ne7+ Kh7 44.
Nc6 Rd1 45. Nd4 Rg1+ 46. Kh3 Rh1+ 47. Kg3 Rg1+ 48. Kh3 Rh1+ 1/2-1/2